01026 2200325 4500001002100000005001500021035002000036007000300056008004100059020002200100040002200122082001500144084001700159090002100176090002200197100002100219245012900240250003500369300005100404650003700455850001200492041000800504504003300512264003700545336002100582337003000603338002300633999002200656990002200678INLIS00000000084726520200214091752 a0010-0519000600ta190515 2017 yoia g ind d a978-602-371-491-9 aYOPDYOGbinderda04223a005.43 a005.43 WAH r aDEP 005.43 WAH r aCB-D.11 2017-30450 aWahyudiepenulis10aResource sharing :bblended project based learning (RS-BPBL©) sistem operasi Android, Linux, dan Mac OS /cpenulis, Wahyudi aCetakan Pertama, November 2017 aviii, 261 halaman :bilustrasi, tabel ;c19 cm 4aKomputer--xSistem pengoperasian aYOPDYOG0 aind aBibliografi: halaman 251-25431aYogyakarta :bLeutikaPrio,c2017 2rdacontentateks 2rdamediaatanpa perantara 2rdacarrieravolume aCB-D.11/2017-3045 aCB-D.11/2017-3045